Statistics for Countries of the World by Population

Click here to take the quiz!

General Stats

  • This quiz has been taken 98 times
    (49 since last reset)
  • The average score is 25 of 198

Answer Stats

HintAnswer% Correct
1,373,420,000China
100%
1,280,670,000India
100%
322,317,000United States
96%
255,461,700Indonesia
83%
205,252,000Brazil
78%
192,051,912Pakistan
78%
159,458,000Bangladesh
70%
126,890,000Japan
70%
121,005,000Mexico
70%
182,202,000Nigeria
70%
146,449,330Russia
70%
102,414,900Philippines
65%
90,076,012Ethiopia
61%
81,197,500Germany
61%
90,730,000Vietnam
61%
78,817,800Iran
52%
77,695,904Turkey
52%
89,926,700Egypt
48%
66,518,000France
43%
64,800,000United Kingdom
43%
60,725,000Italy
39%
65,104,000Thailand
39%
54,956,900South Africa
35%
51,500,986South Korea
35%
42,800,501Ukraine
30%
43,131,966Argentina
26%
48,411,900Colombia
26%
46,050,000Kenya
26%
31,151,643Peru
26%
38,484,000Poland
26%
46,439,864Spain
26%
35,851,774Canada
22%
36,004,552Iraq
22%
10,084Nauru
22%
34,856,813Uganda
22%
839Vatican City
22%
39,500,000Algeria
17%
77,267,000Dem. Rep. of the Congo
17%
37,370Liechtenstein
17%
30,779,300Malaysia
17%
37,800Monaco
17%
53,897,000Myanmar/Burma
17%
16,930,200Netherlands
17%
20,901Palau
17%
32,801San Marino
17%
53,470,000Tanzania
17%
30,620,404Venezuela
17%
76,949Andorra
13%
23,974,200Australia
13%
11,280,134Belgium
13%
10,846,979Greece
13%
22,434,363Madagascar
13%
33,337,529Morocco
13%
25,727,911Mozambique
13%
28,037,904Nepal
13%
31,521,418Saudi Arabia
13%
38,435,252Sudan
13%
10,640Tuvalu
13%
31,022,500Uzbekistan
13%
26,023,100Afghanistan
9%
15,405,157Cambodia
9%
18,006,407Chile
9%
16,278,844Ecuador
9%
101,351Federated States of Micronesia
9%
9,849,000Hungary
9%
331,310Iceland
9%
106,461Kiribati
9%
562,958Luxembourg
9%
56,086Marshall Islands
9%
5,205,434Norway
9%
10,374,822Portugal
9%
187,820Samoa
9%
9,828,655Sweden
9%
103,252Tonga
9%
284,652Vanuatu
9%
25,956,000Yemen
9%
24,383,301Angola
4%
86,295Antigua and Barbuda
4%
8,623,073Austria
4%
285,000Barbados
4%
11,410,651Bolivia
4%
18,450,494Burkina Faso
4%
23,344,000Cameroon
4%
14,037,000Chad
4%
11,238,317Cuba
4%
5,699,220Denmark
4%
71,293Dominica
4%
859,178Fiji
4%
5,493,115Finland
4%
27,043,093Ghana
4%
103,328Grenada
4%
16,176,133Guatemala
4%
10,911,819Haiti
4%
22,671,331Ivory Coast
4%
17,608,200Kazakhstan
4%
16,310,431Malawi
4%
341,256Maldives
4%
17,600,000Mali
4%
445,426Malta
4%
4,634,930New Zealand
4%
19,899,000Niger
4%
25,155,000North Korea
4%
19,942,642Romania
4%
11,262,564Rwanda
4%
187,356São Tomé and Príncipe
4%
13,508,715Senegal
4%
89,949Seychelles
4%
2,068,783Slovenia
4%
10,787,000Somalia
4%
11,892,934South Sudan
4%
20,675,000Sri Lanka
4%
56,000St. Kitts and Nevis
4%
185,000St. Lucia
4%
109,991St. Vincent and the Grenadines
4%
8,279,700Switzerland
4%
23,491,417Syria
4%
23,476,640Taiwan
4%
10,982,754Tunisia
4%
15,473,905Zambia
4%
13,061,239Zimbabwe
4%
2,893,005Albania
0%
3,004,000Armenia
0%
9,676,500Azerbaijan
0%
368,390Bahamas
0%
1,359,800Bahrain
0%
9,494,200Belarus
0%
368,310Belize
0%
10,315,244Benin
0%
767,520Bhutan
0%
3,791,622Bosnia and Herzegovina
0%
2,070,984Botswana
0%
393,372Brunei
0%
7,202,198Bulgaria
0%
9,823,827Burundi
0%
524,833Cape Verde
0%
4,900,000Central African Republic
0%
784,745Comoros
0%
4,773,130Costa Rica
0%
4,225,316Croatia
0%
858,000Cyprus
0%
10,541,466Czech Republic
0%
888,000Djibouti
0%
10,528,000Dominican Republic
0%
1,212,107East Timor
0%
6,401,240El Salvador
0%
1,222,442Equatorial Guinea
0%
5,228,000Eritrea
0%
1,313,271Estonia
0%
1,802,278Gabon
0%
1,882,450Gambia
0%
3,729,500Georgia
0%
10,628,972Guinea
0%
1,844,000Guinea-Bissau
0%
746,900Guyana
0%
8,576,532Honduras
0%
7,298,600Hong Kong
0%
4,635,400Ireland
0%
8,419,700Israel
0%
2,717,991Jamaica
0%
7,595,000Jordan
0%
1,827,231Kosovo
0%
4,183,658Kuwait
0%
5,975,000Kyrgyzstan
0%
6,802,000Laos
0%
1,973,700Latvia
0%
4,168,000Lebanon
0%
2,135,000Lesotho
0%
4,503,000Liberia
0%
6,278,000Libya
0%
2,893,336Lithuania
0%
2,069,172Macedonia
0%
3,631,775Mauritania
0%
1,261,208Mauritius
0%
3,555,200Moldova
0%
3,044,799Mongolia
0%
621,207Montenegro
0%
2,459,000Namibia
0%
6,198,154Nicaragua
0%
4,296,168Oman
0%
3,764,166Panama
0%
7,398,500Papua New Guinea
0%
7,003,406Paraguay
0%
2,412,483Qatar
0%
4,620,000Republic of the Congo
0%
7,114,393Serbia
0%
6,453,000Sierra Leone
0%
5,535,000Singapore
0%
5,421,349Slovakia
0%
581,344Solomon Islands
0%
4,682,467State of Palestine
0%
534,189Suriname
0%
1,119,375Swaziland
0%
8,354,000Tajikistan
0%
7,305,000Togo
0%
1,340,557Trinidad and Tobago
0%
4,751,120Turkmenistan
0%
9,157,000United Arab Emirates
0%
3,415,866Uruguay
0%

Score Distribution

Percentile by Number Answered

Percent of People with Each Score

Your Score History

You have not taken this quiz since the last reset